[Event "Krakow op-A 34th"]
[Site "Krakow"]
[Date "2023.12.27"]
[Round "1"]
[White "Keinanen, Toivo"]
[Black "Panek, Bartosz"]
[Result "1-0"]
[WhiteElo "2522"]
[BlackElo "2232"]
[PlyCount "55"]
[EventDate "2023.12.27"]
[EventType "swiss"]
[EventRounds "9"]
[EventCountry "POL"]
[SourceTitle "CB02_2024"]
[SourceDate "2024.01.10"]
[SourceVersion "1"]
[SourceVersionDate "2024.01.10"]
[SourceQuality "1"]

1. c4 Nf6 2. Nf3 e6 3. g3 d5 4. Bg2 c5 5. cxd5 Nxd5 6. 0-0 Nc6 7. d4 Be7 8. dxc5 Bxc5 9. Qc2 Qb6 10. Nbd2 Nd4 11. Nxd4 Bxd4 12. Nc4 Qc5 13. Nd6+ Ke7 14. Nxc8+ Raxc8 15. Qb3 b6 16. e3 Be5 17. e4 Nb4 18. Be3 Bd4 19. Rac1 Qd6 20. e5 Bxe5 21. Rcd1 Nd5 22. Bxd5 exd5 23. Rxd5 Qe6 24. Re1 f6 25. Bd4 Qg4 26. f4 Rhd8 27. fxe5 f5 28. Rd6 1-0

[Event "Sunnyvale 1000 Schev 2 11"]
[Site "Sunnyvale"]
[Date "2023.11.13"]
[Round "6.5"]
[White "Panek, Bartosz"]
[Black "Karthi, Jashith"]
[Result "1/2-1/2"]
[WhiteElo "2246"]
[BlackElo "2120"]
[PlyCount "62"]
[EventDate "2023.11.10"]
[EventType "schev"]
[EventRounds "6"]
[EventCountry "USA"]
[SourceTitle "CB47_2023"]
[SourceDate "2023.11.22"]
[SourceVersion "1"]
[SourceVersionDate "2023.11.22"]
[SourceQuality "1"]

1. e4 e5 2. Nf3 Nc6 3. Bc4 Bc5 4. c3 Nf6 5. d4 exd4 6. cxd4 Bb4+ 7. Nbd2 Nxe4 8. d5 Nxd2 9. Bxd2 Bxd2+ 10. Qxd2 Ne7 11. d6 cxd6 12. 0-0 d5 13. Bxd5 0-0 14. Rfd1 Nxd5 15. Qxd5 d6 16. Qxd6 Qxd6 17. Rxd6 Be6 18. a3 Rfd8 19. Rad1 Rxd6 20. Rxd6 Rc8 21. h3 Kf8 22. Rd2 Ke7 23. Kh2 h6 24. Kg3 Rc5 25. Re2 Kf6 26. Rd2 Ke7 27. Kf4 Kf6 28. Ke3 Rc1 29. h4 Bg4 30. Kf4 Bxf3 31. Kxf3 Ke5 1/2-1/2

[Event "Sunnyvale 1000 Schev 2 11"]
[Site "Sunnyvale"]
[Date "2023.11.12"]
[Round "5.2"]
[White "Panek, Bartosz"]
[Black "Tang, Benjamin"]
[Result "1/2-1/2"]
[WhiteElo "2246"]
[BlackElo "2107"]
[PlyCount "42"]
[EventDate "2023.11.10"]
[EventType "schev"]
[EventRounds "6"]
[EventCountry "USA"]
[SourceTitle "CB47_2023"]
[SourceDate "2023.11.22"]
[SourceVersion "1"]
[SourceVersionDate "2023.11.22"]
[SourceQuality "1"]

1. Nf3 Nf6 2. b3 g6 3. Bb2 Bg7 4. d4 c5 5. e3 cxd4 6. exd4 0-0 7. Be2 Nc6 8. 0-0 d5 9. c4 Bf5 10. Na3 Rc8 11. Nc2 dxc4 12. bxc4 Qb6 13. Rb1 Nb4 14. Nfe1 Nxc2 15. Nxc2 Qa6 16. Ra1 Qb6 17. Rb1 Qa6 18. Ra1 Qb6 19. Rb1 Qa6 20. g4 Be4 21. f3 Bc6 1/2-1/2

[Event "Pardubice Czech op-A 34th"]
[Site "Pardubice"]
[Date "2023.07.28"]
[Round "8"]
[White "Finek, Vaclav"]
[Black "Panek, Bartosz"]
[Result "1-0"]
[WhiteElo "2409"]
[BlackElo "2188"]
[PlyCount "137"]
[EventDate "2023.07.21"]
[EventType "swiss"]
[EventRounds "9"]
[EventCountry "CZE"]
[SourceTitle "CBM 215 Extra"]
[Source "ChessBase"]
[SourceDate "2023.09.30"]
[SourceVersion "1"]
[SourceVersionDate "2023.09.30"]
[SourceQuality "1"]

1. d4 e6 2. c4 Nf6 3. Nf3 d5 4. g3 c5 5. cxd5 cxd4 6. dxe6 Bxe6 7. Nxd4 Bc5 8. e3 Bxd4 9. Qxd4 Qxd4 10. exd4 Nc6 11. Bb5 0-0 12. Bxc6 bxc6 13. 0-0 Nd5 14. b3 a5 15. Ba3 Rfe8 16. Nd2 Nc3 17. Rfe1 Bh3 18. f3 Ne2+ 19. Kf2 Nxd4 20. Bc5 Red8 21. Rac1 Be6 22. Bb6 Rd5 23. Ne4 h6 24. Red1 Nb5 25. Rxd5 Bxd5 26. a4 Ra6 27. Be3 Nc7 28. Nd2 Ne6 29. f4 g5 30. f5 Ng7 31. g4 Ne8 32. Bd4 Nd6 33. Re1 Ra8 34. Re7 Kf8 35. f6 Kg8 36. Ke3 Be6 37. h3 h5 38. Kf3 hxg4+ 39. hxg4 Bd5+ 40. Ke3 Be6 41. Kf3 Bd5+ 42. Kg3 Kh7 43. Rd7 Ne8 44. Nc4 Bxc4 45. bxc4 Kg6 46. c5 Rb8 47. Be5 Ra8 48. Kf3 Rc8 49. Ke3 Ra8 50. Kd3 Rc8 51. Kc4 Ra8 52. Kb3 Rc8 53. Ka3 Ra8 54. Bc3 Ra6 55. Kb3 Ra8 56. Kc4 Ra6 57. Rd8 Nc7 58. Rg8+ Kh6 59. Rg7 Nd5 60. Rxf7 Nxc3 61. Kxc3 Kg6 62. Rf8 Ra7 63. Kd4 Rb7 64. Ke5 Rb4 65. Rg8+ Kf7 66. Rxg5 Rxa4 67. Rg7+ Kf8 68. Kf5 Rc4 69. Ra7 1-0

[Event "Pardubice Czech op-A 34th"]
[Site "Pardubice"]
[Date "2023.07.23"]
[Round "3"]
[White "Lalic, Bogdan"]
[Black "Panek, Bartosz"]
[Result "1/2-1/2"]
[WhiteElo "2371"]
[BlackElo "2188"]
[PlyCount "67"]
[EventDate "2023.07.21"]
[EventType "swiss"]
[EventRounds "9"]
[EventCountry "CZE"]
[SourceTitle "CBM 215 Extra"]
[Source "ChessBase"]
[SourceDate "2023.09.30"]
[SourceVersion "1"]
[SourceVersionDate "2023.09.30"]
[SourceQuality "1"]

1. d4 d5 2. c4 e6 3. Nc3 Nf6 4. cxd5 exd5 5. Bg5 Nbd7 6. e3 Be7 7. Bd3 Nf8 8. Nf3 Ne6 9. Bh4 c6 10. 0-0 0-0 11. Rb1 a5 12. a3 g6 13. b4 Ng7 14. b5 Bf5 15. bxc6 bxc6 16. Bxf6 Bxf6 17. Na4 Rb8 18. Bxf5 Nxf5 19. Qc2 Qc7 20. Nc5 Rxb1 21. Rxb1 Nd6 22. Rb3 Ra8 23. g3 Qc8 24. a4 Nc4 25. Nd2 Nxd2 26. Qxd2 Be7 27. Qc2 Rb8 28. Rc3 Rb6 29. Kg2 h5 30. h3 Bd6 31. e4 Rb4 32. exd5 cxd5 33. Ne4 Qe6 34. Nxd6 1/2-1/2

[Event "Prague op"]
[Site "Prague"]
[Date "2023.06.23"]
[Round "2"]
[White "Royal, Shreyas"]
[Black "Panek, Bartosz"]
[Result "1-0"]
[WhiteElo "2429"]
[BlackElo "2188"]
[PlyCount "95"]
[EventDate "2023.06.22"]
[EventType "swiss"]
[EventRounds "9"]
[EventCountry "CZE"]
[SourceTitle "CBM 215 Extra"]
[Source "ChessBase"]
[SourceDate "2023.09.30"]
[SourceVersion "1"]
[SourceVersionDate "2023.09.30"]
[SourceQuality "1"]

1. d4 Nf6 2. c4 e6 3. g3 d5 4. Bg2 c5 5. cxd5 exd5 6. Nf3 Nc6 7. 0-0 cxd4 8. Nxd4 Bc5 9. Nxc6 bxc6 10. Qc2 Qb6 11. Nc3 Bd6 12. e4 0-0 13. exd5 cxd5 14. Nxd5 Nxd5 15. Bxd5 Rb8 16. Be3 Qxb2 17. Qxb2 Rxb2 18. Bxa7 Be6 19. Bxe6 fxe6 20. Bd4 Rc2 21. a4 Bc5 22. Bxc5 Rxc5 23. Rfc1 Rd5 24. Ra2 Ra8 25. Rc4 Raa5 26. Kf1 Kf7 27. Ke2 Kf6 28. Ke3 Rd1 29. f4 e5 30. Ke2 Rdd5 31. Kf3 h5 32. Ke4 exf4 33. gxf4 g5 34. Rc6+ Ke7 35. fxg5 Rxg5 36. Kd3 h4 37. Kc3 h3 38. Kb3 Raf5 39. Rc3 Rh5 40. Re2+ Kd6 41. Rd2+ Ke6 42. Re3+ Kf6 43. Rdd3 Rf2 44. Rf3+ Rxf3 45. Rxf3+ Ke5 46. Kb4 Ke4 47. Ra3 Kd4 48. a5 1-0

[Event "Moravia-Silesia Region-chT 2223"]
[Site "Czech Republic"]
[Date "2023.04.02"]
[Round "11"]
[White "Panek, Bartosz"]
[Black "Vanek, Ladislav"]
[Result "0-1"]
[WhiteElo "2159"]
[BlackElo "2154"]
[PlyCount "81"]
[EventDate "2022.10.09"]
[EventType "team-tourn"]
[EventRounds "11"]
[EventCountry "CZE"]
[SourceTitle "EXT 2024"]
[Source "ChessBase"]
[SourceDate "2023.10.10"]
[SourceVersion "1"]
[SourceVersionDate "2023.10.10"]
[SourceQuality "1"]
[WhiteTeam "Petrovice Inter"]
[BlackTeam "Bruntal"]
[WhiteTeamCountry "CZE"]
[BlackTeamCountry "CZE"]

1. e4 d5 2. exd5 Qxd5 3. Nf3 Nf6 4. Be2 Bf5 5. 0-0 e6 6. d4 Nc6 7. c4 Qd7 8. Nc3 Rd8 9. Bg5 Be7 10. d5 exd5 11. Bxf6 Bxf6 12. cxd5 Ne7 13. Qb3 0-0 14. Rfd1 c6 15. dxc6 Qxc6 16. Bc4 Bg6 17. Re1 Bd3 18. Bxd3 Rxd3 19. Rxe7 Rxc3 20. bxc3 Bxe7 21. Ne5 Qc7 22. Nf3 Bf6 23. Rb1 b6 24. c4 Rc8 25. Rc1 Qc5 26. a4 g6 27. g3 Rd8 28. Kg2 h5 29. Qb5 Rd3 30. Rc2 a6 31. Qe8+ Kg7 32. h4 Rxf3 33. Rd2 Rf5 34. f4 Qxc4 35. Rd7 Qa2+ 36. Kh3 Rc5 37. f5 Rc2 38. Rxf7+ Qxf7 39. Qe4 Qc4 40. Qb7+ Kh6 41. fxg6 0-1

[Event "Moravia-Silesia Region-chT 2223"]
[Site "Czech Republic"]
[Date "2023.01.29"]
[Round "7"]
[White "Muzik, Martin"]
[Black "Panek, Bartosz"]
[Result "1/2-1/2"]
[WhiteElo "2058"]
[BlackElo "2159"]
[PlyCount "86"]
[EventDate "2022.10.09"]
[EventType "team-tourn"]
[EventRounds "11"]
[EventCountry "CZE"]
[SourceTitle "EXT 2024"]
[Source "ChessBase"]
[SourceDate "2023.10.10"]
[SourceVersion "1"]
[SourceVersionDate "2023.10.10"]
[SourceQuality "1"]
[WhiteTeam "Opava Slezan"]
[BlackTeam "Petrovice Inter"]
[WhiteTeamCountry "CZE"]
[BlackTeamCountry "CZE"]

1. e4 e5 2. Nf3 Nc6 3. Bc4 Bc5 4. c3 Nf6 5. d3 Bb6 6. Be3 d6 7. Nbd2 h6 8. Qe2 0-0 9. 0-0 Re8 10. Rfe1 Be6 11. Bb5 a6 12. Ba4 Bxe3 13. fxe3 b5 14. Bc2 d5 15. exd5 Qxd5 16. a4 Rad8 17. b4 Bg4 18. e4 Qd6 19. h3 Bc8 20. Nh4 Ne7 21. Nb3 g5 22. Nf3 Ng6 23. axb5 Nf4 24. Qf1 axb5 25. d4 Qb6 26. Nc5 exd4 27. Nxd4 Nd7 28. g3 Nxc5 29. bxc5 Qxc5 30. gxf4 Qxc3 31. Nxb5 Qxc2 32. Rac1 Qb3 33. Rc3 Qb4 34. fxg5 hxg5 35. Rxc7 f5 36. Qc4+ Qxc4 37. Rxc4 Rxe4 38. Rexe4 fxe4 39. Rxe4 Bxh3 40. Re5 g4 41. Nc3 Kf7 42. Ne4 Kg6 43. Nf2 Rd2 1/2-1/2

[Event "EU-ch Rapid"]
[Site "Katowice"]
[Date "2022.12.17"]
[Round "5"]
[White "Seemann, Jakub"]
[Black "Panek, Bartosz"]
[Result "1-0"]
[WhiteElo "2365"]
[BlackElo "2152"]
[PlyCount "133"]
[EventDate "2022.12.17"]
[EventType "swiss (rapid)"]
[EventRounds "11"]
[EventCountry "POL"]
[SourceTitle "CBM 211 Extra"]
[Source "ChessBase"]
[SourceDate "2023.01.31"]
[SourceVersion "1"]
[SourceVersionDate "2023.01.31"]
[SourceQuality "1"]

1. d4 Nf6 2. c4 e6 3. Nf3 d5 4. e3 c5 5. Nc3 Nc6 6. a3 h6 7. dxc5 Bxc5 8. b4 Be7 9. Bb2 0-0 10. Qc2 dxc4 11. Bxc4 a6 12. Be2 b6 13. 0-0 Bb7 14. Rfd1 Qc7 15. Ne4 Rac8 16. Nxf6+ Bxf6 17. Bxf6 gxf6 18. Rac1 Qe7 19. Qb2 b5 20. Rc5 Rcd8 21. Rdc1 Rd6 22. R1c3 Rfd8 23. Qc1 Ne5 24. Nxe5 fxe5 25. Rc7 R6d7 26. Rxd7 Rxd7 27. h3 Qg5 28. Bf1 Qe7 29. Rc5 Rd5 30. Rc7 Rd7 31. Rxd7 Qxd7 32. Qc5 Qd5 33. Qe7 Kg7 34. Kh2 Bc6 35. Kg3 Qd1 36. Qc7 Bd5 37. Qxe5+ Kg8 38. e4 Qxf1 39. exd5 Qd3+ 40. Qe3 Qg6+ 41. Kh2 exd5 42. Qg3 Kf8 43. Qb8+ Kg7 44. Qe5+ Qf6 45. Qxd5 Qxf2 46. Qd6 Qb2 47. Qg3+ Kh7 48. Qd3+ Kg7 49. Qe3 f6 50. Kg3 Kg6 51. h4 Qb1 52. Kh2 Qf5 53. Qg3+ Kh5 54. Qd6 Qe5+ 55. Qxe5+ fxe5 56. Kh3 Kg6 57. g4 Kf6 58. Kg3 Kg6 59. Kf3 Kf6 60. Ke4 Ke6 61. g5 hxg5 62. hxg5 Kd6 63. g6 Ke6 64. g7 Kf7 65. Kxe5 Kxg7 66. Kd6 Kf6 67. Kc6 1-0

[Event "EU-ch Blitz"]
[Site "Katowice"]
[Date "2022.12.16"]
[Round "4"]
[White "Alexakis, Dimitris"]
[Black "Panek, Bartosz"]
[Result "1-0"]
[WhiteElo "2486"]
[BlackElo "2152"]
[PlyCount "77"]
[EventDate "2022.12.16"]
[EventType "swiss (blitz)"]
[EventRounds "22"]
[EventCountry "POL"]
[SourceTitle "CBM 211 Extra"]
[Source "ChessBase"]
[SourceDate "2023.01.31"]
[SourceVersion "1"]
[SourceVersionDate "2023.01.31"]
[SourceQuality "1"]

1. e4 c5 2. Nf3 e6 3. d4 cxd4 4. Nxd4 Bc5 5. Nb3 Bb6 6. a4 Nc6 7. Nc3 Nge7 8. Be2 0-0 9. 0-0 f5 10. Be3 fxe4 11. Bxb6 Qxb6 12. a5 Qd8 13. Nxe4 d5 14. Nec5 Rb8 15. Bg4 Qd6 16. Qe2 e5 17. Rad1 b6 18. axb6 axb6 19. Bxc8 bxc5 20. Ba6 Nd4 21. Nxd4 exd4 22. b3 Ng6 23. Bd3 Nf4 24. Qg4 Rbe8 25. Rfe1 Nxd3 26. cxd3 Re5 27. Qg3 Rfe8 28. Rxe5 Rxe5 29. Ra1 Qe7 30. Ra8+ Kf7 31. h4 Re6 32. Qf3+ Rf6 33. Qxd5+ Kg6 34. Qg5+ Kf7 35. Qh5+ Rg6 36. g3 Qb7 37. Rd8 Qe7 38. Qd5+ Re6 39. Rd7 1-0

[Event "EU-ch Blitz"]
[Site "Katowice"]
[Date "2022.12.16"]
[Round "16"]
[White "Fus, Jakub"]
[Black "Panek, Bartosz"]
[Result "1-0"]
[WhiteElo "2405"]
[BlackElo "2152"]
[PlyCount "65"]
[EventDate "2022.12.16"]
[EventType "swiss (blitz)"]
[EventRounds "22"]
[EventCountry "POL"]
[SourceTitle "CBM 211 Extra"]
[Source "ChessBase"]
[SourceDate "2023.01.31"]
[SourceVersion "1"]
[SourceVersionDate "2023.01.31"]
[SourceQuality "1"]

1. Nf3 g6 2. g3 Bg7 3. Bg2 Nf6 4. b3 0-0 5. Bb2 d6 6. d4 Nbd7 7. 0-0 Re8 8. c4 c6 9. Re1 Qc7 10. e4 e5 11. d5 cxd5 12. cxd5 Nc5 13. Nc3 Nh5 14. Rc1 Qd8 15. b4 Na6 16. a3 Nc7 17. Nd2 f5 18. exf5 Nf6 19. fxg6 hxg6 20. Nde4 Bf5 21. Nxf6+ Qxf6 22. Ne4 Bxe4 23. Bxe4 Rac8 24. Qg4 g5 25. Rc2 Qd8 26. Rec1 Rf8 27. Qh5 Rf7 28. Bg6 Rf6 29. Qh7+ Kf8 30. Be4 Qd7 31. Qh5 Bh6 32. g4 Ke7 33. Bf5 1-0

[Event "POL-chT 2nd League"]
[Site "Jastrzebia Gora"]
[Date "2022.09.08"]
[Round "6.78"]
[White "Nowak, Kamil"]
[Black "Panek, Bartosz"]
[Result "1-0"]
[WhiteElo "2275"]
[BlackElo "2179"]
[PlyCount "84"]
[EventDate "2022.09.03"]
[EventType "team-swiss"]
[EventRounds "9"]
[EventCountry "POL"]
[SourceTitle "CBM 210 Extra"]
[Source "ChessBase"]
[SourceDate "2022.11.30"]
[SourceVersion "1"]
[SourceVersionDate "2022.11.30"]
[SourceQuality "1"]
[WhiteTeam "Zarow Goniec"]
[BlackTeam "Rydultowy Ognisko"]
[WhiteTeamCountry "POL"]
[BlackTeamCountry "POL"]

1. d4 Nf6 2. c4 e6 3. Nc3 d5 4. Nf3 c5 5. cxd5 Nxd5 6. e3 Nc6 7. Bd3 cxd4 8. exd4 Be7 9. 0-0 0-0 10. Re1 Bf6 11. Be4 b6 12. Qd3 h6 13. a3 Bb7 14. Bxd5 exd5 15. Bf4 Qd7 16. Be5 Nxe5 17. Nxe5 Bxe5 18. Rxe5 Rfe8 19. Rae1 Rxe5 20. Rxe5 Re8 21. Qe3 Rxe5 22. Qxe5 Bc6 23. h3 f6 24. Qb8+ Kf7 25. Kh2 Qb7 26. Qd6 Qd7 27. Qxd7+ Bxd7 28. Nxd5 Ke6 29. Nc3 Bc6 30. Kg3 Bd5 31. f3 Bc4 32. h4 g6 33. Kf4 g5+ 34. Kg4 Bd3 35. Kh5 gxh4 36. Kxh4 Bg6 37. g4 f5 38. g5 h5 39. Ne2 Bf7 40. Nf4+ Kd6 41. g6 Bxg6 42. Nxg6 Kd5 1-0

[Event "POL-chT 2nd League"]
[Site "Jastrzebia Gora"]
[Date "2022.09.04"]
[Round "2.55"]
[White "Sapis, Witalis"]
[Black "Panek, Bartosz"]
[Result "1/2-1/2"]
[WhiteElo "2378"]
[BlackElo "2179"]
[PlyCount "24"]
[EventDate "2022.09.03"]
[EventType "team-swiss"]
[EventRounds "9"]
[EventCountry "POL"]
[SourceTitle "CBM 210 Extra"]
[Source "ChessBase"]
[SourceDate "2022.11.30"]
[SourceVersion "1"]
[SourceVersionDate "2022.11.30"]
[SourceQuality "1"]
[WhiteTeam "Grzybowo GKSz Solny"]
[BlackTeam "Rydultowy Ognisko"]
[WhiteTeamCountry "POL"]
[BlackTeamCountry "POL"]

1. d4 Nf6 2. c4 e6 3. Nc3 d5 4. cxd5 Nxd5 5. e4 Nxc3 6. bxc3 c5 7. Nf3 cxd4 8. cxd4 Bb4+ 9. Bd2 Bxd2+ 10. Qxd2 0-0 11. Bc4 Nd7 12. 0-0 b6 1/2-1/2

[Event "POL-chT 2nd League"]
[Site "Jastrzebia Gora"]
[Date "2022.09.03"]
[Round "1.25"]
[White "Panek, Bartosz"]
[Black "Mroziak, Maciej"]
[Result "1-0"]
[WhiteElo "2179"]
[BlackElo "2352"]
[PlyCount "44"]
[EventDate "2022.09.03"]
[EventType "team-swiss"]
[EventRounds "9"]
[EventCountry "POL"]
[SourceTitle "CBM 210 Extra"]
[Source "ChessBase"]
[SourceDate "2022.11.30"]
[SourceVersion "1"]
[SourceVersionDate "2022.11.30"]
[SourceQuality "1"]
[WhiteTeam "Rydultowy Ognisko"]
[BlackTeam "Gliwice Politechnika Slaska"]
[WhiteTeamCountry "POL"]
[BlackTeamCountry "POL"]

1. e4 c5 2. Nf3 e6 3. c3 d5 4. e5 d4 5. b4 dxc3 6. Nxc3 cxb4 7. Ne4 Bd7 8. d4 Bc6 9. Bd3 Bd5 10. Bg5 Qd7 11. 0-0 Nc6 12. Nfd2 Bxe4 13. Bxe4 Nge7 14. Nc4 Nd5 15. Qd3 h6 16. Bd2 Rd8 17. Rfd1 Be7 18. Qg3 g5 19. Qd3 Nc7 20. Be3 Nd5 21. Bd2 b5 22. Ne3 Nxd4 1-0

[Event "POL-chT U18 1st"]
[Site "Poland"]
[Date "2022.06.30"]
[Round "6.1"]
[White "Kania, Dominik"]
[Black "Panek, Bartosz"]
[Result "0-1"]
[WhiteElo "1872"]
[BlackElo "2022"]
[PlyCount "95"]
[EventDate "2022.06.25"]
[EventType "team-swiss"]
[EventRounds "9"]
[EventCountry "POL"]
[SourceTitle "EXT 2023"]
[Source "ChessBase"]
[SourceDate "2022.10.05"]
[SourceVersion "1"]
[SourceVersionDate "2022.10.05"]
[SourceQuality "1"]
[WhiteTeam "Czerwionka Leszczyny Skoczek"]
[BlackTeam "Ognisko Rydultowy"]
[WhiteTeamCountry "POL"]
[BlackTeamCountry "POL"]

1. e4 c6 2. d3 d5 3. Nd2 g6 4. g3 Bg7 5. Bg2 e5 6. Ngf3 Ne7 7. 0-0 0-0 8. b3 Qc7 9. Bb2 h6 10. Qe2 d4 11. Nh4 g5 12. Nf5 Nxf5 13. exf5 Bxf5 14. f4 exf4 15. gxf4 g4 16. Qf2 Qd7 17. Nc4 c5 18. Ne5 Bxe5 19. fxe5 Bg6 20. Bc1 Kh7 21. Qf4 Rh8 22. Qxh6+ Kg8 23. Qg5 Nc6 24. e6 Qd6 25. Bf4 Qxe6 26. Bd5 Qf5 27. Qxf5 Bxf5 28. Bd6 Rh5 29. Bxc5 Bg6 30. Bxc6 Rxc5 31. Bxb7 Rb8 32. Ba6 Rxc2 33. Rf2 Rxf2 34. Kxf2 Kg7 35. Re1 Rh8 36. Kg2 Rh3 37. Bc8 f5 38. Ba6 Re3 39. Rxe3 dxe3 40. Kg3 f4+ 41. Kg2 Kf6 42. d4 Be4+ 43. Kf1 f3 44. Bc4 Ke7 45. b4 Kd6 46. a4 Bd5 47. Bd3 Bb3 48. a5 0-1

[Event "POL-chT U18 1st"]
[Site "Poland"]
[Date "2022.06.29"]
[Round "5.1"]
[White "Panek, Bartosz"]
[Black "Suder, Jakub"]
[Result "1-0"]
[WhiteElo "2022"]
[BlackElo "2306"]
[PlyCount "119"]
[EventDate "2022.06.25"]
[EventType "team-swiss"]
[EventRounds "9"]
[EventCountry "POL"]
[SourceTitle "EXT 2023"]
[Source "ChessBase"]
[SourceDate "2022.10.05"]
[SourceVersion "1"]
[SourceVersionDate "2022.10.05"]
[SourceQuality "1"]
[WhiteTeam "Ognisko Rydultowy"]
[BlackTeam "Myslenice MAT"]
[WhiteTeamCountry "POL"]
[BlackTeamCountry "POL"]

1. e4 c5 2. Nf3 e6 3. Qe2 Nc6 4. g3 Nf6 5. Bg2 Be7 6. e5 Nd5 7. Nc3 0-0 8. 0-0 Ndb4 9. d3 Nd4 10. Nxd4 cxd4 11. Ne4 Nc6 12. Bf4 Kh8 13. h4 f5 14. exf6 gxf6 15. Bd6 Bxd6 16. Nxd6 Qe7 17. Nxc8 Raxc8 18. c3 dxc3 19. bxc3 b6 20. Rac1 Qd6 21. Rfd1 f5 22. d4 Ne7 23. c4 Ng8 24. c5 Qe7 25. cxb6 axb6 26. d5 e5 27. d6 Qe6 28. Rxc8 Rxc8 29. Bd5 Qe8 30. Qb2 Nf6 31. Re1 Qg6 32. Rxe5 Rf8 33. Re7 f4 34. Be4 Qg4 35. Kh2 Qd1 36. Kg2 fxg3 37. fxg3 Qxd6 38. Rxh7+ Kg8 39. Qb3+ Qe6 40. Re7 Qxb3 41. axb3 Rc8 42. Bf3 Rc3 43. g4 Kf8 44. Re5 Rxb3 45. g5 Ng8 46. Rf5+ Kg7 47. Rd5 Ne7 48. Rxd7 Kf8 49. Rd6 Kg7 50. h5 Re3 51. h6+ Kh7 52. Rf6 Re5 53. Rf7+ Kh8 54. Kh3 b5 55. Kg4 b4 56. Rf8+ Kh7 57. Rb8 Ng8 58. Kf4 Re6 59. Be4+ Kh8 60. Rxg8+ 1-0

[Event "POL-chT U18 1st"]
[Site "Poland"]
[Date "2022.06.28"]
[Round "4.1"]
[White "Luczak, Filip"]
[Black "Panek, Bartosz"]
[Result "1-0"]
[WhiteElo "2311"]
[BlackElo "2022"]
[PlyCount "87"]
[EventDate "2022.06.25"]
[EventType "team-swiss"]
[EventRounds "9"]
[EventCountry "POL"]
[SourceTitle "EXT 2023"]
[Source "ChessBase"]
[SourceDate "2022.10.05"]
[SourceVersion "1"]
[SourceVersionDate "2022.10.05"]
[SourceQuality "1"]
[WhiteTeam "Katowice Hetman Szopienice"]
[BlackTeam "Ognisko Rydultowy"]
[WhiteTeamCountry "POL"]
[BlackTeamCountry "POL"]

1. g3 Nf6 2. Bg2 g6 3. e4 d6 4. Ne2 Bg7 5. 0-0 c5 6. c3 0-0 7. d4 Nbd7 8. h3 Rb8 9. Be3 Qc7 10. Nd2 b5 11. b4 Bb7 12. bxc5 dxc5 13. d5 Ne8 14. f4 Nd6 15. Bf2 Nb6 16. Nb3 Na4 17. Qc2 Nc4 18. Rad1 Rfd8 19. Nd2 Nab6 20. Nxc4 Nxc4 21. Nc1 b4 22. Nb3 Bxc3 23. Nxc5 Rdc8 24. e5 Qa5 25. Nxb7 Rxb7 26. d6 Rd7 27. dxe7 Rxe7 28. Rd5 Qa3 29. Rfd1 Kg7 30. Qb3 Qxb3 31. axb3 Nb2 32. Ra1 Rcc7 33. Ra6 f6 34. Rxf6 Na4 35. bxa4 b3 36. Rb5 b2 37. Rc6 Red7 38. Rxc3 Rxc3 39. Rxb2 Ra3 40. Kh2 Rc7 41. g4 Rxa4 42. f5 gxf5 43. gxf5 Ra5 44. Bg3 1-0

[Event "POL-ch U18"]
[Site "Sypniewo"]
[Date "2022.03.22"]
[Round "4"]
[White "Ciborowski, Konrad Jr"]
[Black "Panek, Bartosz"]
[Result "0-1"]
[WhiteElo "1869"]
[BlackElo "2010"]
[PlyCount "86"]
[EventDate "2022.03.19"]
[EventType "swiss"]
[EventRounds "9"]
[EventCountry "POL"]
[SourceTitle "CBM 207 Extra"]
[Source "ChessBase"]
[SourceDate "2022.05.31"]
[SourceVersion "1"]
[SourceVersionDate "2022.05.31"]
[SourceQuality "1"]

1. Nf3 Nf6 2. e3 c5 3. c4 e6 4. b3 b6 5. Bb2 Bb7 6. Be2 Be7 7. 0-0 0-0 8. Nc3 d5 9. cxd5 Nxd5 10. d4 Nd7 11. Qd2 Rc8 12. Rfd1 Bf6 13. Ne4 Be7 14. dxc5 Nxc5 15. Qd4 Nf6 16. Nxc5 Qxd4 17. exd4 bxc5 18. Ba3 Nd5 19. Rac1 cxd4 20. Bxe7 Nxe7 21. Nxd4 Rxc1 22. Rxc1 Rc8 23. Rxc8+ Nxc8 24. b4 Kf8 25. f3 e5 26. Nb5 Ke7 27. Kf2 Bc6 28. Ke3 f5 29. g3 Bxb5 30. Bxb5 Nb6 31. Kd3 Kd6 32. a4 Nd5 33. Kc4 Nc7 34. a5 Nxb5 35. Kxb5 Kd5 36. Ka4 Kc4 37. b5 Kc5 38. h3 g5 39. b6 axb6 40. a6 Kc6 41. a7 Kb7 42. Kb5 Kxa7 43. Kc4 f4 0-1

[Event "Krakow op-B 32nd"]
[Site "Krakow"]
[Date "2022.01.02"]
[Round "6"]
[White "Backiel, Hubert"]
[Black "Panek, Bartosz"]
[Result "1-0"]
[WhiteElo "1999"]
[BlackElo "2073"]
[PlyCount "69"]
[EventDate "2021.12.27"]
[EventType "swiss"]
[EventRounds "9"]
[EventCountry "POL"]
[SourceTitle "EXT 2023"]
[Source "ChessBase"]
[SourceDate "2022.10.05"]
[SourceVersion "1"]
[SourceVersionDate "2022.10.05"]
[SourceQuality "1"]

1. d4 d5 2. c4 e6 3. Nc3 Nf6 4. Nf3 c5 5. cxd5 Nxd5 6. e4 Nxc3 7. bxc3 cxd4 8. cxd4 Bb4+ 9. Bd2 Qa5 10. Be2 Nc6 11. 0-0 Bxd2 12. Nxd2 Nxd4 13. Nc4 Nxe2+ 14. Qxe2 Qc5 15. Rfd1 0-0 16. Rac1 b6 17. Nd6 Qe5 18. Rc7 Rd8 19. Qf3 f5 20. Qh5 Ba6 21. Qf7+ Kh8 22. Qe7 Kg8 23. Qf7+ Kh8 24. f4 Rxd6 25. fxe5 Rxd1+ 26. Kf2 Rf1+ 27. Kg3 Rg8 28. exf5 Rxf5 29. Qxe6 Rg5+ 30. Kf2 h6 31. h4 Rf8+ 32. Kg1 Rg3 33. Kh2 Re3 34. Qg6 Rg8 35. Rxg7 1-0

[Event "Krakow op-B 32nd"]
[Site "Krakow"]
[Date "2021.12.31"]
[Round "5"]
[White "Panek, Bartosz"]
[Black "Alagappan, Sai"]
[Result "1-0"]
[WhiteElo "2073"]
[BlackElo "1959"]
[PlyCount "69"]
[EventDate "2021.12.27"]
[EventType "swiss"]
[EventRounds "9"]
[EventCountry "POL"]
[SourceTitle "EXT 2023"]
[Source "ChessBase"]
[SourceDate "2022.10.05"]
[SourceVersion "1"]
[SourceVersionDate "2022.10.05"]
[SourceQuality "1"]

1. d4 Nf6 2. c4 e5 3. dxe5 Ng4 4. e4 Nxe5 5. f4 Nec6 6. Nc3 Bb4 7. Nge2 d6 8. a3 Bc5 9. b4 Bb6 10. Bb2 Bg4 11. Qd3 Nd7 12. Nd5 f6 13. Qg3 h5 14. h3 Be6 15. Qxg7 Rf8 16. Qh6 Ne7 17. Qxh5+ Bf7 18. Qf3 Nxd5 19. exd5 Qe7 20. 0-0-0 a5 21. Nd4 axb4 22. Nf5 Qd8 23. Ng7+ Ke7 24. Re1+ Ne5 25. fxe5 fxe5 26. axb4 Bg6 27. Qg3 Rf6 28. c5 Bxc5 29. bxc5 Ra5 30. Bd3 Qh8 31. Ne6 Bxd3 32. Qxd3 Rf2 33. Rhf1 Rxb2 34. Kxb2 Qe8 35. Qh7+ 1-0